00682nam a2200193 a 450000100060000000300090000600800410001502000150005604000280007108200190009910000390011824500740015726000360023130000170026765000340028494200120031899900170033095201410034725330CO-ViMGA141112s2004 ck r 000 u spa d a9586903117 aCO-ViMGAbspacCO-ViMGA04a343.0986 M654f1 aMolina Arrubla, Carlos Mario9626210aFundamentos de Derecho Procesal Penal / cCarlos Mario Molina Arrubla aColombia : bBogotá : bLeyer a601 p. 23 cm14aDerecho Procesal Penal938619 2ddccBK c32938d32938 00102ddc40708002aMEVIECARbMEVIECARd2015-12-04h16/nov/2013l0o343.0986 M654f p26353r2015-12-04 00:00:00tEj. 1w2015-12-04yBK